abc the19th ペーパー通過者 - Statistics

General Stats
  • This quiz has been taken 13 times
  • The average score is 29 of 48
Answer Stats
順位 所属 学年 Answer % Correct
1 京都大 大3 吉原主税
100%
5 東京都立大 大2 倉門怜央
91%
11 早稲田大 大2 植木陽平
91%
14 筑波大 大3 大塚竜司
91%
18 京都大 大1 木村秀太
91%
25 東大寺高 高1 松崎颯樹
91%
42 熊本大 大2 江頭春樹
91%
2 東京大 大4 寺内一記
82%
3 九州大 大4 豊田優樹
82%
6 京都大 大4 片山智
82%
10 東京大 大4 下山航
82%
15 東京大 大1 上野李王
82%
39 京都大 大2 長野春太
82%
40 東京都立大 大1 東問
82%
19 静岡大 大4 伊藤高虎
73%
26 東京大 大3 齋藤和
73%
36 早稲田大 大1 高橋響
73%
48 国際基督教大 大1 永野裕嗣
73%
12 京都大 大3 鈴木幸多朗
64%
24 東京大 大2 植田遥大
64%
28 大阪大 大3 野田雅寛
64%
29 大阪大 大3 大治有人
64%
38 東京大 大2 塚本颯斗
64%
44 大阪大 大2 石原裕貴
64%
46 東京大 大2 太田原裕都
64%
47 千葉大 大2 吉野裕
64%
4 東京大 大4 井口凜人
55%
7 東京大 大4 森慎太郎
55%
9 千葉大 大4 大木研資
55%
17 東京大 大3 江上大介
55%
20 京都大 大1 大谷修平
55%
21 九州大 大3 岩間拓樹
55%
32 岡山大 大2 蒲生和弥
55%
35 東京大 大2 藤田創世
55%
41 東京大 大2 山崎貴矢
55%
8 京都大 大3 古巻鉄平
45%
13 東京大 大2 福本笙一郎
45%
16 早稲田大 大3 桐原伶於
45%
22 早稲田大 大4 永野正剛
36%
31 東京大 大3 荻田健太郎
36%
33 京都大 大4 高野碧
36%
37 一橋大 大3 板井雅人
36%
27 京都大 大4 中道隆哉
27%
45 京都大 大4 興梠卓人
27%
34 早稲田大 大4 上山航生
18%
43 京都大 大2 曽和亮佑
18%
23 東京大 大4 薮田淳
9%
30 早稲田大 大4 吉岡奨悟
9%
No matching quizzes found
Score Distribution
Percent of People with Each Score
Percentile by Number Answered
Your Score History
You have not taken this quiz